Central Library OPAC University of Rajshahi

Eight modern plays / (Record no. 18896)

MARC details
000 -LEADER
fixed length control field 01463nam a2200301 a 4500
001 - CONTROL NUMBER
control field 18896
003 - CONTROL NUMBER IDENTIFIER
rucl marc code BD-RjUL
005 - DATE AND TIME OF LATEST TRANSACTION
control field 20211209000343.0
008 - FIXED-LENGTH DATA ELEMENTS--GENERAL INFORMATION
fixed length control field 140222r19381927enk 000 1 eng
035 ## - SYSTEM CONTROL NUMBER
System control number (BD-RjUL)18954
System control number (OCoLC)2177184
040 ## - CATALOGING SOURCE
Original cataloging agency DLC
Transcribing agency CoDU
Modifying agency DLC
-- BD-RjUL
Language of cataloging eng
041 ## - LANGUAGE CODE
Language code of text/sound track or separate title eng
082 ## - DEWEY DECIMAL CLASSIFICATION NUMBER
Classification number 822.910822
Author mark and year EIG 1938
245 10 - TITLE STATEMENT
Title Eight modern plays /
Statement of responsibility, etc. selected and edited by John Hampden.
260 ## - PUBLICATION, DISTRIBUTION, ETC. (IMPRINT)
Place of publication, distribution, etc. London, New York [etc.]
Name of publisher, distributor, etc. T. Nelson & sons, ltd.
Date of publication, distribution, etc. [1931]
300 ## - PHYSICAL DESCRIPTION
Pagination viii, 9-240 p.incl. front. (port.) :
Illustrations illus., diagrs. ;
Size 16 cm.
490 0# - SERIES STATEMENT
Series statement The "Teaching of english" series
500 ## - GENERAL NOTE
General note Frontispiece on verso of half-title.
General note "First published September 1927. Reprinted ...November 1931."
General note One-act plays primarily intended for junior readers and actors.
505 0# - FORMATTED CONTENTS NOTE
Formatted contents note The princess and the woodcutter, by A. A. Milne.--Robin Hood, by Alfred Noyes.--The slippers of Cinderella, by W. G. Robertson.--The discovery, by Hermon Ould.--Eldorado, by Bernard Gilbert.--Campbell of Kilmohr, by J. A. Ferguson.--Catherine Parr, by Maurice Baring.--Michael, by Miles Malleson.--Commentry: On thinking it over. On writing little plays.--Acting notes.--Appendix: Procedure for a mock trial. A Christmas epilogue.
650 #0 - SUBJECT ADDED ENTRY--TOPICAL TERM
Topical term or geographic name as entry element English drama
Chronological subdivision 20th century.
9 (RLIN) 50393
700 1# - ADDED ENTRY--PERSONAL NAME
Personal name Hampden, John,
Fuller form of name 1898-1974,
942 ## - ADDED ENTRY ELEMENTS (KOHA)
Source of classification or shelving scheme Dewey Decimal Classification
Koha item type Books
Holdings
Lost status Source of classification or shelving scheme Damaged status Not for loan Collection code Permanent Location Current Location Shelving location Date acquired Source of acquisition Cost, normal purchase price Total Checkouts Full call number Date last seen Copy number Koha item type
  Dewey Decimal Classification   Not For Loan Fiction Central Library, University of Rajshahi Central Library, University of Rajshahi Reading Room 01/11/1990 shaukat Osman, Dhaka 0.00   822.910822 EIG 1938 22/02/2014 C-1 Books
  Dewey Decimal Classification     Fiction Central Library, University of Rajshahi Central Library, University of Rajshahi   11/11/1990 Shauakat osman     822.910822 EIG 1938 27/12/2020 C-2 Books